Wer ist es? (Die Familie) - Statistics

General Stats
  • This quiz has been taken 4 times
  • The average score is 9 of 20
Answer Stats
Hint Answer % Correct
der Vater father
100%
die Mutter mother
100%
die Tante aunt
50%
der Cousin/die Cousine cousin
50%
die Tochter daughter
50%
der Großvater grandfather
50%
der Halbbruder half-brother
50%
die Schwiegermutter mother-in-law
50%
der Neffe nephew
50%
die Nichte niece
50%
die Geschwister siblings
50%
die Schwester sister
50%
die Schwägerin sister-in-law
50%
der Sohn son
50%
der Stiefvater stepfather
50%
der Onkel uncle
50%
die Pflegemutter foster mother
0%
der Pate godfather
0%
der Enkel grandchild
0%
die Urgroßmutter great-grandmother
0%
No matching quizzes found
Score Distribution
Percent of People with Each Score
Percentile by Number Answered
Your Score History
You have not taken this quiz